000 00299nam a2200133Ia 4500
008 191201s2010 xx 000 0 und d
100 _aLipschutz, Seymour
245 0 _aData Structures
250 _a19 Rep
260 _c2010
_bTMH
_aN.Delhi
300 _a9.27
650 _aCSE
942 _2ddc
_cBB
_05
999 _c7395
_d7395